Страны, начинающиеся на букву Н - Statistics

General Stats
  • This quiz has been taken 2 698 times
  • The average score is 6 of 9
Answer Stats
Страна % Correct
Норвегия
87%
Нигер
77%
Нигерия
76%
Нидерланды
71%
Намибия
69%
Никарагуа
65%
Непал
64%
Науру
51%
Новая Зеландия
47%
No matching quizzes found
Score Distribution
Percent of People with Each Score
Percentile by Number Answered
Your Score History
You have not taken this quiz